00478 2200181 4500001002100000008004100021035002000062245005100082100001500133260003500148300002300183020002200206084001400228082000800242650001000250990001900260990001700279INLIS000000000000057 ind  a0010-0724000057 aDilan Dia Adalah Dilanku Tahun 1990cPidi Baiq aBaiq, Pidi aBandung :bPastel Books,c2018 a348 hlm.c20,5 cm. a978-602-7870-86-4 a813 PID d a813 aFiksi aP29/CP/24/57.1 aP29/CP/24/57